000 00565nam a22002057a 4500
003 OSt
005 20140310183049.0
008 130227t xxu||||| |||| 00| 0 eng d
020 _a9715903800
050 _aPZ 4.O85
_b.G293 2001
082 _aFIL 694.65
_b.G293 2001
245 _aTHE FACTS OF LIFE: A HANDBOOK FOR PARENTS AND TEACHERS
_cGebhardt
260 _aPasay City
_bPaulines Oublishing House
_c2001
300 _a157 p.
_c17 cm.
521 _aCollege Students
526 _c1210L-1700L
541 _j1
562 _e1
942 _2lcc
_cBK
_kFIL
999 _c18631
_d18631